Devdas / (Record no. 26918)

MARC details
000 -LEADER
fixed length control field 00752nam a22002291 4500
005 - DATE AND TIME OF LATEST TRANSACTION
control field 2009052801511.0
008 - FIXED-LENGTH DATA ELEMENTS--GENERAL INFORMATION
fixed length control field 721219s1962 nyu 000 0 eng
010 ## - LCCN (DPL NO)
LC control number ENG-93788
020 ## - INTERNATIONAL STANDARD BOOK NUMBER
Terms of availability 150.00
035 ## - SYSTEM CONTROL NUMBER
System control number EN-77321
037 ## - SOURCE OF ACQUISITION
Source of stock number/acquisition DBAD / PUB
040 ## - CATALOGING SOURCE
Original cataloging agency dpl
Language of cataloging English
082 ## - DEWEY DECIMAL CLASSIFICATION NUMBER
Classification number N
100 ## - MAIN ENTRY--PERSONAL NAME
Personal name Sharat Chand
245 ## - TITLE STATEMENT
Title Devdas /
Statement of responsibility, etc by Sharat Chand
260 ## - PUBLICATION, DISTRIBUTION, ETC. (IMPRINT)
Place of publication, distribution, etc New Delhi
Name of publisher, distributor, etc S.K. Publishers
Date of publication, distribution, etc 2007
270 ## - ADDRESS
Address A-47, Amar Colony, Lajpat Nagar,
City New Delhi
Postal code 110024
300 ## - PHYSICAL DESCRIPTION
Extent 136p.
Dimensions 23cm(Hb)
942 ## - ADDED ENTRY ELEMENTS (KOHA)
Item type English Books
Call number suffix SHA
Source of classification or shelving scheme Dewey Decimal Classification
Classification part N
Holdings
Withdrawn status Lost status Source of classification or shelving scheme Damaged status Not for loan Collection code Home library Current library Date acquired Source of acquisition Cost, normal purchase price Total Checkouts Full call number Barcode Date last seen Copy number Cost, replacement price Koha item type
    Dewey Decimal Classification   Not For Loan Non-fiction D.B.Act.Division D.B.Act.Division 28/05/2009 DBAD / PUB 150.00   N SHA EN-77321 28/05/2009 1 150.00 English Books

© Delhi Public Library
Hit Counter
free hit counter